[Event "GER-chT U10"]
[Site "Magdeburg"]
[Date "2016.12.29"]
[Round "6.3"]
[White "Wolf, Jonas"]
[Black "Weiss, Oskar"]
[Result "1-0"]
[WhiteElo "902"]
[BlackElo "934"]
[PlyCount "63"]
[EventDate "2016.12.27"]
[EventType "team-swiss"]
[EventRounds "7"]
[EventCountry "GER"]
[SourceTitle "EXT 2018"]
[Source "ChessBase"]
[SourceDate "2017.10.13"]
[SourceVersion "1"]
[SourceVersionDate "2017.10.13"]
[SourceQuality "1"]
[WhiteTeam "Erlangen"]
[BlackTeam "Erfurt Empor"]
[WhiteTeamCountry "GER"]
[BlackTeamCountry "GER"]

1. e4 e5 2. Nf3 Nc6 3. Nc3 Nf6 4. Bc4 Bc5 5. d3 Ng4 6. 0-0 d6 7. h3 Nf6 8. Bg5 Be6 9. Bb3 Qd7 10. Nd5 Bxd5 11. Bxf6 Bxb3 12. axb3 gxf6 13. Qd2 0-0-0 14. Ra2 Rhg8 15. Kh1 f5 16. Rg1 fxe4 17. dxe4 d5 18. exd5 Qxd5 19. Qc3 Bxf2 20. Rf1 Bb6 21. Raa1 Bd4 22. Qe1 Rde8 23. c3 Bb6 24. c4 Qd7 25. Rd1 Qe7 26. Qe4 Rd8 27. Rc1 Bd4 28. Rb1 f6 29. Nxd4 Nxd4 30. Ra1 Nxb3 31. Rxa7 Nd2 32. Qxb7+ 1-0

[Event "GER-chT U10"]
[Site "Magdeburg"]
[Date "2016.12.28"]
[Round "5.3"]
[White "Weiss, Oskar"]
[Black "Timofeev, Ben"]
[Result "1-0"]
[WhiteElo "934"]
[BlackElo "788"]
[PlyCount "67"]
[EventDate "2016.12.27"]
[EventType "team-swiss"]
[EventRounds "7"]
[EventCountry "GER"]
[SourceTitle "EXT 2018"]
[Source "ChessBase"]
[SourceDate "2017.10.13"]
[SourceVersion "1"]
[SourceVersionDate "2017.10.13"]
[SourceQuality "1"]
[WhiteTeam "Erfurt Empor"]
[BlackTeam "Stade II"]
[WhiteTeamCountry "GER"]
[BlackTeamCountry "GER"]

1. e4 g6 2. d4 e6 3. Nf3 d5 4. exd5 exd5 5. Nc3 c6 6. Bf4 Bg4 7. Be2 Bd6 8. Bxd6 Qxd6 9. 0-0 Nf6 10. Re1 0-0 11. h3 Bxf3 12. Bxf3 h5 13. Qd2 g5 14. Qxg5+ Kh7 15. Ne2 Rg8 16. Qf4 Rd8 17. Qxd6 Rxd6 18. Ng3 Na6 19. Bxh5 Kh6 20. Be2 Nb4 21. Rec1 Re6 22. c3 Na6 23. Bxa6 bxa6 24. Re1 Ne4 25. Nxe4 dxe4 26. Re2 f5 27. Rae1 Rb8 28. a4 Kg5 29. f3 Kf4 30. Kh2 Kg5 31. c4 c5 32. d5 Re5 33. Rd1 Kf4 34. d6 1-0